000 00334nam a2200157Ia 4500
100 _aMac Donald/Matthew
650 _aWebsite
942 _cBK
366 _f25
245 _aCreating a website-the missing manual
260 _bSPD
_c2011
082 _a4.65
_bMAC
300 _a563
546 _aENGLISH
_celectronics
999 _c18745
_d18745